Nationalisme blanc, violence et identité : les logiques raciales de la politique migratoire de Trump (notice n° 2210116)

détails MARC
000 -LEADER
fixed length control field 02083cam a2200169 4500500
005 - DATE AND TIME OF LATEST TRANSACTION
control field 20260412000518.0
041 ## - LANGUAGE CODE
Language code of text/sound track or separate title fre
042 ## - AUTHENTICATION CODE
Authentication code dc
100 10 - MAIN ENTRY--PERSONAL NAME
Personal name Recoquillon, Charlotte
Relator term author
245 00 - TITLE STATEMENT
Title Nationalisme blanc, violence et identité : les logiques raciales de la politique migratoire de Trump
260 ## - PUBLICATION, DISTRIBUTION, ETC.
Date of publication, distribution, etc. 2026.<br/>
500 ## - GENERAL NOTE
General note 20
520 ## - SUMMARY, ETC.
Summary, etc. Cet article explore les tensions entre deux visions concurrentes de l’identité américaine qui apparaissent au travers de la politique migratoire de Donald Trump : la lutte entre un nationalisme blanc autoritaire et un idéal de démocratie multiraciale. Dans ce contexte, Los Angeles et la Californie du Sud sont choisies comme terrain d’analyse de ces tensions, en raison de son caractère à la fois progressiste et profondément marqué par les politiques répressives et les infrastructures du complexe carcéro-industriel. Point culminant de tensions raciales historiques aux États-Unis, la politique migratoire de Trump et les violences qui la caractérisent illustrent donc une bataille idéologique plus large sur l’identité et les valeurs fondamentales de la démocratie américaine.
520 ## - SUMMARY, ETC.
Summary, etc. This article explores the tensions between two competing visions of American identity that emerge through Donald Trump’s immigration policy: the struggle between authoritarian white nationalism and the ideal of a multiracial democracy. In this context, Los Angeles and South California prove to be a relevant field of analysis for these tensions, due to its both progressive character and the deep influence of repressive policies and the infrastructures of the prison-industrial complex. Culminating point of historic racial tensions in the United States, Trump’s immigration policy and the violence associated with it thus illustrate a broader ideological battle over American identity and the core values of democracy.
786 0# - DATA SOURCE ENTRY
Note Hérodote | 200-201 | 1 | 2026-03-11 | p. 180-204 | 0338-487X
856 41 - ELECTRONIC LOCATION AND ACCESS
Uniform Resource Identifier <a href="https://shs.cairn.info/revue-herodote-2026-1-2-page-180?lang=fr&redirect-ssocas=7080">https://shs.cairn.info/revue-herodote-2026-1-2-page-180?lang=fr&redirect-ssocas=7080</a>

Pas d'exemplaire disponible.

PLUDOC

PLUDOC est la plateforme unique et centralisée de gestion des bibliothèques physiques et numériques de Guinée administré par le CEDUST. Elle est la plus grande base de données de ressources documentaires pour les Étudiants, Enseignants chercheurs et Chercheurs de Guinée.

Adresse

627 919 101/664 919 101

25 boulevard du commerce
Kaloum, Conakry, Guinée

Réseaux sociaux

Powered by Netsen Group @ 2025